banner koha

Consideracoes sobre o uso racional dos solos da Amazonia Ocidental [Brasil] (Registro n. 278661)

MARC details
000 -LÍDER
campo de controle de tamanho fixo 00989nac a22002777a 4500
001 - NÚMERO DE CONTROLE
campo de controle BR8501898
003 - IDENTIFICADOR DO NÚMERO DE CONTROLE
campo de controle BR-BrBNA
005 - DATA E HORÁRIO DA ÚLTIMA TRANSAÇÃO
campo de controle 20240105120300.0
008 - CAMPO DE DADOS FIXOS--INFORMAÇÃO GERAL
campo de controle de tamanho fixo 230509b bl.|||m| |||| 00| 0 por d
040 ## - FONTE DA CATALOGAÇÃO
Instituição da catalogação original BR-BrBNA
Idioma da catalogação por
Instituição que transcreveu o registro Biblioteca Nacional de Agricultura
072 ## - CÓDIGO DE CATEGORIA DE ASSUNTO
Código de Categoria de Assunto P36
090 ## - NÚMERO DE CHAMADA LOCAL
Número de chamada P36 BR8501898
100 1# - ENTRADA PRINCIPAL--NOME PESSOAL
Nome pessoal Alvarenga, M.I.N.
110 1# - ENTRADA PRINCIPAL--NOME CORPORATIVO
Nome corporativo ou nome da jurisdição Unidade de Execucao de Pesquisa de Ambito Estadual de Rio Branco, AC (Brasil)
9 (RLIN) 10376
245 1# - TÍTULO
Título Consideracoes sobre o uso racional dos solos da Amazonia Ocidental [Brasil]
246 1# - FORMA VARIANTE DO TÍTULO
Título/título abreviado [Consideration on the rational use of the western Amazon soils [Brazil]]
260 3# - PUBLICAÇÃO, DISTRIBUIÇÃO, ETC.
Local de publicação, distribuição, etc. Rio Branco, AC (Brasil):
Data da publicação, distribuição, etc. 1985.
300 ## - DESCRIÇÃO FÍSICA
Extensão 32 p.
490 ## - TÍTULO DA SÉRIE
Título da série Documentos - Unidade de Execucao de Pesquisa de Ambito Estadual de Rio Branco (Brazil)
Número do volume ou designação sequencial da série no. 7
ISSN - International Standard Serial Number
500 ## - NOTA GERAL
Nota geral 14 ref.
650 ## - ASSUNTO--TERMO TÓPICO
Cabeçalho tópico ou nome geográfico SOLO
650 ## - ASSUNTO--TERMO TÓPICO
Cabeçalho tópico ou nome geográfico AMAZONIA OCIDENTAL
650 ## - ASSUNTO--TERMO TÓPICO
Cabeçalho tópico ou nome geográfico RECURSO DO SOLO
909 ## -
-- 202312
-- Lúcia Elande
-- 55
-- Lúcia Elande
942 ## - ELEMENTOS DE ENTRADA ADICIONADOS (KOHA)
Fonte da classificação ou esquema de arquivamento na estante Classificação AGRIS
Ocultar no OPAC Não
Tipo de material Koha Monografia Seriada
Exemplares
Situação do descarte Fonte da classificação ou esquema de arquivamento na estante Situação física Não pode ser emprestado Coleção Biblioteca de origem Biblioteca atual Localização na estante Total de empréstimos Número de telefone completo Código de barras Data de último acesso Tipo de material Koha Fonte de aquisição
  Classificação AGRIS       Biblioteca Nacional de Agricultura - Binagri Biblioteca Nacional de Agricultura - Binagri Agrobase - Acervo Geral   P36 BR8501898 P36 BR8501898 18/12/2023 Monografia Seriada Portaria Interministerial nº 164/94

BINAGRI

Telefone: (61)3218-2567/2388/3357/2097 - binagri@agro.gov.br

Ministério da Agricultura e Pecuária , Esplanada dos Ministérios, Bloco D, Anexo B, Brasília/DF, CEP: 70.043-900